00288 2200133 4500001002100000005001500021035002000036245003700056300000700093260002200100082000800122084001200130990001200142INLIS00000000000214820250527113829 a0010-0525000440 aRekayasa Genetika /cAnne Rooney a48 bPakar Raya,c2007 a500 a500 REK a0713241